| 000 | 00409nam a2200145Ia 4500 | ||
|---|---|---|---|
| 003 | GCL | ||
| 008 | 140319s9999 xx 000 0 ara d | ||
| 040 |
_aGCL / _cGCL |
||
| 082 | 0 | 4 |
_a922 _bع ا |
| 100 | 1 | _aعبدالحليم محمود | |
| 245 | 1 | 0 |
_aالحمد لله هذه حياتى / _cعبدالحليم محمود |
| 490 |
_aكتاب _v0 |
||
| 650 | 0 | 4 | _aعبدالحليم محمود |
| 942 |
_2ddc _cBK |
||
| 999 |
_c42008 _d42008 |
||